000 00683nam a2200229Ia 4500
003 OSt
005 20221007082007.0
006 a|||||r|||| 00| 0
007 ta
008 221006b |||||||| |||| 00| 0 eng d
024 _a27,160
037 _cReports / Technical Reports
040 _aFLL
_cFLL
_beng
041 _2eng
_aeng
082 _aZ4:12, K8
100 _aBuxbaum David C. Ed.
245 0 _aFamily law and customary law in Asia
_b A contrmporary legal perspective
260 _aThe Hague
_bMartinus Njhoff The
_c1968
300 _a288p
_ccm.
942 _hZ4:12, K8
_cREP
_2CC
999 _c1164981
_d1164981